000 01006cam a2200217 4500
001 WB3835-20
008 020926n2002 000 0 eng u
035 _a(Sirsi) u119859
245 _aRegional office market outperforms the southeast
260 _c2002
490 _aInsignia Richard Ellis Press Release
_v 23 September 2002, (1)
520 _aA report by Insignia Richard Ellis shows regional office markets outside the southeast strongly outperforming the office sector average during 2002. Performances in Central London and M25 markets have been the main source of the downturn in the sector nationally. For the Insignia Richard Ellis Press Release: http://www.richardellis.co.uk/insigniare-frontframes.html
590 _aWB
650 _aINSIGNIA RICHARD ELLIS
650 _aPROPERTY-COMMERCIAL PROPERTY-OFFICE PROPERTY-OFFICE PROPERTY MARKET
650 _aLONDON
650 _aSOUTH EAST
650 _aRENTAL GROWTH
690 _aPROPERTY MANAGEMENT-COMMERCIAL PROPERTY
942 _n0
999 _c71238
_d71238